UBT Library

RN MENTAL HEALTH NURSING (Record no. 59634)

000 -LEADER
fixed length control field 00334nam a22001457a 4500
008 - FIXED-LENGTH DATA ELEMENTS--GENERAL INFORMATION
fixed length control field 230427b ||||| |||| 00| 0 eng d
020 ## - INTERNATIONAL STANDARD BOOK NUMBER
International Standard Book Number 9781565336032
041 ## - LANGUAGE CODE
Language code of text/sound track or separate title eng
080 ## - UNIVERSAL DECIMAL CLASSIFICATION NUMBER
Edition identifier EDITION 8.0
Universal Decimal Classification number 616.8
082 ## - DEWEY DECIMAL CLASSIFICATION NUMBER
Classification number 616.8HOL
100 ## - Rafti
Rafti 11
101 ## - Shkurtesa
Shkurtesa INF
245 ## - TITLE STATEMENT
Title RN MENTAL HEALTH NURSING
Statement of responsibility, etc HOLMAN.C.H
942 ## - ADDED ENTRY ELEMENTS (KOHA)
Source of classification or shelving scheme
Item type Books
Holdings
Withdrawn status Lost status Source of classification or shelving scheme Damaged status Not for loan Collection code Permanent location Current location Date acquired Total Checkouts Full call number Barcode Date last seen Price effective from Koha item type
          Koleksioni i përgjithshem UBT - Lipjan UBT - Lipjan 04/27/2023   616.8HOL 002-80008025 04/27/2023 04/27/2023 Books
          Koleksioni i përgjithshem UBT - Lipjan UBT - Lipjan 04/27/2023   616.8HOL 002-80008026 04/27/2023 04/27/2023 Books
          Koleksioni i përgjithshem UBT - Lipjan UBT - Lipjan 04/27/2023   616.8HOL 002-80008027 04/27/2023 04/27/2023 Books
          Koleksioni i përgjithshem UBT - Lipjan UBT - Lipjan 04/27/2023   616.8HOL 002-80008028 04/27/2023 04/27/2023 Books
          Koleksioni i përgjithshem UBT - Lipjan UBT - Lipjan 04/27/2023   616.8HOL 002-80008029 04/27/2023 04/27/2023 Books
          Koleksioni i përgjithshem UBT - Lipjan UBT - Lipjan 04/27/2023   616.8HOL 002-80008030 04/27/2023 04/27/2023 Books
          Koleksioni i përgjithshem UBT - Lipjan UBT - Lipjan 04/27/2023   616.8HOL 002-80008031 04/27/2023 04/27/2023 Books
UBT Library © 2015-2024. All rights reserved University Education for Business and Technology